Ďalšie profesijné vzdelávanie - hnacia sila rozvoja podnikateľského subjektu

Na minha lista:
Detalhes bibliográficos
Autor principal: Matulčíková, Marta, 1964-
Formato: Capítulo de Livro
Idioma:eslovaco
Tags: Adicionar Tag
Sem tags, seja o primeiro a adicionar uma tag!

MARC

LEADER 00000naa$a2200000$$$4500
001 0205261
005 20240502073424.7
041 0 |a slo 
044 |a SK 
245 1 0 |a Ďalšie profesijné vzdelávanie - hnacia sila rozvoja podnikateľského subjektu  |c Marta Matulčíková 
100 1 |a Matulčíková, Marta, 1964-